| 000 | 01005nam a2200253 u 4500 | ||
|---|---|---|---|
| 001 | 000220362 | ||
| 003 | AM-YeHGA | ||
| 005 | 20250617124344.0 | ||
| 008 | 030423s1977 ai r 000 0 rus d | ||
| 040 | _aAM-YeHGA | ||
| 100 | 1 | _aПопкиров, Стоян | |
| 245 | 1 | 0 |
_aГнойно-септическая хирургия / _cС. Попкиров. |
| 250 | _a2-е изд., перераб. и доп. | ||
| 260 |
_aСофия : _bМедицина и физкультура, _c1977. |
||
| 300 |
_a503 с. : _bил. ; _c24 см. |
||
| 504 | _aБиблиогр.: с. 491-499 | ||
| 650 | 1 | 4 | _aПатология хирургическая |
| 650 | 1 | 4 |
_aСепсис _xХирургия _xЛекарственная терапия |
| 650 | 1 | 4 | _aГной |
| 650 | 1 | 4 | _aСтрептококковые инфекции |
| 650 | 1 | 4 | _aСтафилококковые инфекции |
| 650 | 1 | 4 |
_aТоксический шок _xДиагностика _xТерапия _xХирургия |
| 090 | _c78510 | ||
| 999 |
_c77269 _d77269 |
||